000 00496nam a22001577a 4500
999 _c41010
_d41010
003 OSt
005 20210225115208.0
008 210225b ||||| |||| 00| 0 eng d
020 _a9789332537835
040 _coclc
082 _a516.24
_bMIS/F
100 _98476
_aMishra, Sanjay
245 _aFundamentals of Mathematics For JEE Main and Advanced :
_bTrigonometry /
_cSanjay Mishra
260 _aDelhi:
_bPearson,
_c2015.
942 _2ddc
_cBK
_h516.24
_iMIS/F
_k516.24
_mMIS/F